000 01003nam a22003017a 4500
001 4889
003 FISKH
005 20241023094004.0
008 241023b cb ||||| |||| 00| 0 eng d
020 _a9780545655996
040 _aFISKH
_beng
_cFISKH
_dFISKH
050 _aQC981.C645
082 _a551.6
100 _aCole, Joanna
_d(1944–2020)
245 _aThe magic school bus and the climate challenge /
_cBy Joanna Cole Illustrated by Bruce Degen
250 _aThe edition first printing in 2014.
260 _aNew York :
_bScholastic,
_c2014.
300 _a36 pages :
_bColor illustrations ;
_c22 cm.
505 _aP
520 _aMs. Frizzle takes her kids on a whirlwind tour, from the Arctic to the equator so they can see telltale signs of climate change.
521 8 _a610L
_bLexile
521 8 _aP
_bRaz-Plus
650 _2Non-fiction
_aMagic School Bus
650 _2Science
_aEnvironment
700 _aDegen, Bruce
_dIllustrator
942 _2ddc
_cBK
_n0
999 _c4889
_d4889